000 00925nam0a22002411 4500
001 rc\2697082
005 20260407141816.0
035 _a(NLR Aleph) 006825266
090 _a6486624
_c6486624
100 _a20110915d1933 |||y0rusy50 ca
101 0 _arus
102 _aRU
105 _ay z |||||
200 1 _aПодготовиться к весеннему севу в совхозах
_eСборник руководящих материалов о подготовке к весеннему севу в совхозах
210 _aРостов-на-Дону
_cСев. Кавказ
_d1933
_gтип. им. Коминтерна
215 _aОбл., 109, [3] с.
_d17х12 см.
710 0 1 _aСССР
_bГлавное упр. мясосовхозов
_3RU\NLR\AUTH\8810010551
_9518764
801 0 _aRU
_bNLR
_gpsbo
801 1 _aRU
_bELAR
_2rusmarc
852 _aNLR
_j33-2/293
942 _cBOOK
980 _aNB